• Masías

di Topical Term

Records bibliografici associati: 1

001 - CONTROL NUMBER

  • control field: 46899

003 - CONTROL NUMBER IDENTIFIER

  • control field: IT-RoINE

005 - DATE AND TIME OF LATEST TRANSACTION

  • control field: 20180406054701.0

008 - FIXED-LENGTH DATA ELEMENTS

  • fixed length control field: 180406|| aca||aabn | a|a d

040 ## - CATALOGING SOURCE

  • Original cataloging agency: IT-RoINE
  • Transcribing agency: IT-RoINE

150 ## - HEADING--TOPICAL TERM

  • Topical term or geographic name as entry element: Masías
  • Geographic subdivision: España
  • Geographic subdivision: Fornells de la Selva

670 ## - SOURCE DATA FOUND

  • Source citation: Work cat.: (IT-RoINE)0: Marquès, Josep Maria, 1939-2007 5404, Massos de Fornells /, 1999.